Matemática : ingreso al tercer ciclo 2001 /

Guardado en:
Autor Principal: Friedli, Beatriz
Formato: Libro
Publicado: Bahía Blanca : Egb, 2000
Materias:
Etiquetas: Agregar Etiqueta
Sin Etiquetas, Sea el primero en etiquetar este registro!
LEADER 00507nam a22001695a 4500
001 CEM.cems013150
005 20090819085407.0
008 130507s2000##################000#0#####d
003 CEMS
082 0 4 |a F510 
100 1 |a Friedli, Beatriz 
245 1 0 |a Matemática :  |b ingreso al tercer ciclo 2001 /  |c Recopilacion de Beatriz Friedli 
260 |a Bahía Blanca :  |b Egb,  |c 2000 
300 |a 27 p. 
653 |a Matemática 
653 |a Matemática-ingreso egb 
859 |a CEMS  |b BIB. CEMS - 11 de abril  |h F510  |i 6-2  |p 1786.44  |t Ej.2